Economics, Peace, and Laughter. (Record no. 350814)

000 -LEADER
fixed length control field 00987cam a2200313 4500
001 - CONTROL NUMBER
control field 1795354
003 - CONTROL NUMBER IDENTIFIER
control field OSt
005 - DATE AND TIME OF LATEST TRANSACTION
control field 20180116183026.0
008 - FIXED-LENGTH DATA ELEMENTS--GENERAL INFORMATION
fixed length control field 710329s1971 mau b 001 0 eng
010 ## - LIBRARY OF CONGRESS CONTROL NUMBER
LC control number 78108309
020 ## - INTERNATIONAL STANDARD BOOK NUMBER
International Standard Book Number 0395120950
040 ## - CATALOGING SOURCE
Original cataloging agency DLC
Transcribing agency DLC
Modifying agency DLC
043 ## - GEOGRAPHIC AREA CODE
Geographic area code n-us---
050 00 - LIBRARY OF CONGRESS CALL NUMBER
Classification number HC106.3
Item number .G15
082 00 - DEWEY DECIMAL CLASSIFICATION NUMBER
Classification number 813.54 GAL 1972
100 1# - MAIN ENTRY--PERSONAL NAME
Personal name Galbraith, John Kenneth,
Dates associated with a name 1908-2006.
245 12 - TITLE STATEMENT
Title Economics, Peace, and Laughter.
Statement of responsibility, etc. Essays edited by Andrea D. Williams.
260 ## - PUBLICATION, DISTRIBUTION, ETC.
Place of publication, distribution, etc. Boston,
Name of publisher, distributor, etc. Houghton Mifflin,
Date of publication, distribution, etc. 1971.
300 ## - PHYSICAL DESCRIPTION
Extent xii, 388 p.
Dimensions 22 cm.
350 ## - PRICE (NR) (BK AM CF MU VM SE) [OBSOLETE]
Price $7.95
440 ## - SERIES STATEMENT/ADDED ENTRY--TITLE
Title Economics, Peace, and Laughter.
500 ## - GENERAL NOTE
General note Cover title: Economics, peace, and laughter.
504 ## - BIBLIOGRAPHY, ETC. NOTE
Bibliography, etc. note Includes bibliographical references.
651 #0 - SUBJECT ADDED ENTRY--GEOGRAPHIC NAME
Geographic name United States
General subdivision Economic conditions.
651 #0 - SUBJECT ADDED ENTRY--GEOGRAPHIC NAME
Geographic name United States
General subdivision Social conditions.
740 ## - ADDED ENTRY--UNCONTROLLED RELATED/ANALYTICAL TITLE
Uncontrolled related/analytical title Economics, peace, and laughter.
906 ## - LOCAL DATA ELEMENT F, LDF (RLIN)
a 7
b cbc
c orignew
d 2
e ncip
f 19
g y-gencatlg
942 ## - ADDED ENTRY ELEMENTS (KOHA)
Source of classification or shelving scheme
Koha item type Book
Holdings
Withdrawn status Lost status Source of classification or shelving scheme Damaged status Not for loan Collection code Permanent Location Current Location Shelving location Date acquired Total Checkouts Full call number Barcode Date last seen Price effective from Koha item type
            Central Library (CL) Central Library (CL) Fiction 12/14/2015   813.54 GAL 1972 NBSD-2346 12/14/2015 12/14/2015 Book
© 2023 Central Library, National University of Sciences and Technology. All Rights Reserved.